000 00716nas a2200241 4500
001 BR9601321
003 BR-BrBNA
005 20231205095711.0
007 ta
008 230509b bl.|||p| |||| 00| 00por d
040 _aBR-BrBNA
_bpor
_cBiblioteca Nacional de Agricultura
041 _a(Pt)
072 _aF02
100 1 _aOliveira, O. dos S.
100 1 _aSelle, G.L.
245 1 _aEfeitos do substrato no desenvolvimento de mudas de uva-do-japao
650 _aUva Japonesa
650 _aMuda
650 _aSubstrato de Cultura
773 0 _tAgropecuaria Catarinense (Brazil)
_xISSN 0103-0779
_g(Mar-1994), v. 7(1) p. 35-38
_wBR9601321
909 _a202311
_bLúcia
_c55
_dLúcia Elande
942 _2AGRIS
_n0
_cANA
999 _c152223
_d152223